Т. 66, № 3; Журнал неорганической химии

書誌詳細
Parent link:Журнал неорганической химии/ Российская академия наук (РАН), Отделение химии и наук о материалах РАН. Т. 66, № 3.— , 1956-
言語:ロシア語
出版事項: 2021
オンライン・アクセス:https://elibrary.ru/contents.asp?id=44595991
https://sciencejournals.ru/view-issue/?j=nergkhim&y=2021&v=66&n=3
フォーマット: MixedMaterials 電子媒体 図書
KOHA link:https://koha.lib.tpu.ru/cgi-bin/koha/opac-detail.pl?biblionumber=586248

MARC

LEADER 00000nam2a2200000 4500
001 586248
005 20231101131351.0
035 |a (RuTPU)RU\TPU\prd\288766 
090 |a 586248 
100 |a 20210406a19569999k y0rusy50 ca 
101 0 |a rus 
102 |a RU 
200 0 |a Т. 66, № 3 
210 |d 2021 
461 1 |0 (RuTPU)RU\TPU\prd\160  |t Журнал неорганической химии  |f Российская академия наук (РАН), Отделение химии и наук о материалах РАН  |v Т. 66, № 3  |d 1956- 
801 0 |a RU  |b 63413507  |c 20010227  |g PSBO 
801 1 |a RU  |b 63413507  |c 20210406 
801 2 |a RU  |b 63413507  |c 20230411  |g RCR 
856 4 0 |u https://elibrary.ru/contents.asp?id=44595991 
856 4 0 |u https://sciencejournals.ru/view-issue/?j=nergkhim&y=2021&v=66&n=3 
942 |c BK 
999 |a НТБ_ТПУ  |b НФ  |e -1/20210108  |p П-5998  |s 2/20210201  |u 0,00  |v 1